<?xml version="1.0" encoding="UTF-8"?>
<record
    xmlns:xsi="http://www.w3.org/2001/XMLSchema-instance"
    xsi:schemaLocation="http://www.loc.gov/MARC21/slim http://www.loc.gov/standards/marcxml/schema/MARC21slim.xsd"
    xmlns="http://www.loc.gov/MARC21/slim">

  <leader>02557nam a2200325 a 4500</leader>
  <controlfield tag="003">DO-SdBNP</controlfield>
  <controlfield tag="005">20260302105356.0</controlfield>
  <controlfield tag="007">ta</controlfield>
  <controlfield tag="008">211227e2020    dr ||||ergl|| 001 edspa d</controlfield>
  <datafield tag="020" ind1=" " ind2=" ">
    <subfield code="a">9789945807264</subfield>
  </datafield>
  <datafield tag="040" ind1=" " ind2=" ">
    <subfield code="a">DO-SdBNP</subfield>
    <subfield code="b">spa</subfield>
    <subfield code="c">BNPHU</subfield>
  </datafield>
  <datafield tag="082" ind1=" " ind2="4">
    <subfield code="2">22</subfield>
    <subfield code="b">H557p</subfield>
  </datafield>
  <datafield tag="100" ind1="1" ind2=" ">
    <subfield code="a">Hern&#xE1;ndez Fortuna, Arsenio</subfield>
    <subfield code="9">37797</subfield>
  </datafield>
  <datafield tag="240" ind1=" " ind2=" ">
    <subfield code="a">Ley 176 - 07 - 2010</subfield>
  </datafield>
  <datafield tag="245" ind1="1" ind2="3">
    <subfield code="a">El poder municipal /</subfield>
    <subfield code="c">Arsenio Hern&#xE1;ndez Fortuna;  Pr&#xF3;logo, de Virtudes &#xC1;lvarez; im&#xE1;gen de portada, Abelardo Rodr&#xED;guez Urdaneta</subfield>
  </datafield>
  <datafield tag="260" ind1=" " ind2=" ">
    <subfield code="a">Santo Domingo :</subfield>
    <subfield code="b">Mediabyte,</subfield>
    <subfield code="c">2020</subfield>
  </datafield>
  <datafield tag="300" ind1=" " ind2=" ">
    <subfield code="a">166 p. ;</subfield>
    <subfield code="c">21 cm.</subfield>
  </datafield>
  <datafield tag="500" ind1=" " ind2=" ">
    <subfield code="a">Para la mejor y la m&#xE1;s pronta expedici&#xF3;n de los negocios p&#xFA;blicos se distribuyen en Poder Municipal, Poder Legislativo, Poder Judicial y Poder Ejecutivo. (Proyecto de Constituci&#xF3;n de Juan Pablo Duarte)</subfield>
  </datafield>
  <datafield tag="500" ind1=" " ind2=" ">
    <subfield code="a">Incluye datos biogr&#xE1;ficos del en la contracubierta.</subfield>
  </datafield>
  <datafield tag="500" ind1=" " ind2=" ">
    <subfield code="a">Incluye bibliograf&#xED;a y notas al pi&#xE9; de p&#xE1;ginas.</subfield>
  </datafield>
  <datafield tag="504" ind1=" " ind2=" ">
    <subfield code="a">Bibliograf&#xED;a: p. 167- 168</subfield>
  </datafield>
  <datafield tag="505" ind1=" " ind2=" ">
    <subfield code="a">Pr&#xF3;logo.</subfield>
    <subfield code="t">Prefacio (a una edici&#xF3;n del Proyecto de Constituci&#xF3;n de JPD).--</subfield>
    <subfield code="t">Pr&#xF3;logo de Virtudes &#xC1;alvarez.--</subfield>
    <subfield code="g">Primera Parte</subfield>
    <subfield code="t">Ra&#xED;ces hist&#xF3;ricas del Poder Municipal.--</subfield>
    <subfield code="t">La cuesti&#xF3;n municipal en la Constituci&#xF3;n del 2010.--</subfield>
    <subfield code="t">Ley 176-07 del Distrito Nacional y los Municipios.--</subfield>
    <subfield code="t">Ayuntamientos y cooperativas.--</subfield>
    <subfield code="t">Conclusiones.--</subfield>
    <subfield code="g">Segunda Parte: Art&#xED;culos.</subfield>
    <subfield code="t">Propuestas Municipales.--</subfield>
    <subfield code="t">Montecristi necesita m&#xE1;s obras p&#xFA;blicas</subfield>
    <subfield code="t">Propuestas para transformar la sociedad.--</subfield>
    <subfield code="t">Ni m&#xE1;s soldados ni muros: Comercio!.--</subfield>
    <subfield code="t">Frenar atentados a la soberan&#xED;a.--</subfield>
    <subfield code="t">La soberan&#xED;a era la prioridad en 1965 y ahora.--</subfield>
    <subfield code="t">!Reinicia la marcha!.--</subfield>
    <subfield code="t">Asimilar experiencia unitaria de abril &#xB4;65.--</subfield>
    <subfield code="t">Movilizar por un sueldo m&#xED;nimo de $25,000.--</subfield>
    <subfield code="t">La gota que rebosar&#xED;a el vaso.--</subfield>
    <subfield code="t">!Reiniciar la marcha! (II).--</subfield>
    <subfield code="t">Frenar violencia contra la mujer y sociedad.--</subfield>
    <subfield code="t">A la memoria de H&#xE9;ctor &#xC1;lvarez Morel (Tomin&#xED;n).--</subfield>
    <subfield code="t">Por otro candidato (a) presidencial.--</subfield>
    <subfield code="t">Concertar un programa de cambios.--</subfield>
    <subfield code="t">Consensuar un programa de gobierno.--</subfield>
    <subfield code="g">Tercera parte: otros art&#xED;culos</subfield>
    <subfield code="t">Vida de Juan Pablo Duarte.--</subfield>
    <subfield code="t">45 a&#xF1;os despu&#xE9;s....</subfield>
    <subfield code="t">Anexo.--</subfield>
    <subfield code="t">Bibliograf&#xED;a.</subfield>
  </datafield>
  <datafield tag="590" ind1=" " ind2=" ">
    <subfield code="a">Inventariado 2021 / MF</subfield>
  </datafield>
  <datafield tag="600" ind1="1" ind2="0">
    <subfield code="a">Duarte, Juan Pablo,   </subfield>
    <subfield code="d">1813-1876</subfield>
    <subfield code="z">Rep&#xFA;blica Dominicana</subfield>
    <subfield code="9">1494</subfield>
  </datafield>
  <datafield tag="650" ind1=" " ind2="4">
    <subfield code="9">17752</subfield>
    <subfield code="a">Gobierno Municipal</subfield>
    <subfield code="z">Rep&#xFA;blica Dominicana</subfield>
    <subfield code="x">Historia</subfield>
  </datafield>
  <datafield tag="650" ind1=" " ind2="4">
    <subfield code="9">16862</subfield>
    <subfield code="a">Ley 176 - 07 de 2010</subfield>
    <subfield code="v">Poder Municipal</subfield>
    <subfield code="x">Legislaci&#xF3;n</subfield>
    <subfield code="z">Rep&#xFA;blica Dominicana</subfield>
  </datafield>
  <datafield tag="700" ind1="1" ind2=" ">
    <subfield code="a">&#xC1;lvarez, Virtudes,</subfield>
    <subfield code="d">1960-</subfield>
    <subfield code="e">pr&#xF3;l.</subfield>
    <subfield code="9">74097</subfield>
  </datafield>
  <datafield tag="700" ind1="1" ind2=" ">
    <subfield code="a">Rodr&#xED;guez Urdaneta, Abelardo </subfield>
    <subfield code="e">fotogr.</subfield>
    <subfield code="9">83137</subfield>
  </datafield>
  <datafield tag="942" ind1=" " ind2=" ">
    <subfield code="2">ddc</subfield>
    <subfield code="c">LBS1</subfield>
  </datafield>
  <datafield tag="952" ind1=" " ind2=" ">
    <subfield code="0">0</subfield>
    <subfield code="1">0</subfield>
    <subfield code="2">ddc</subfield>
    <subfield code="5">1</subfield>
    <subfield code="7">0</subfield>
    <subfield code="8">PD</subfield>
    <subfield code="a">BNPHU</subfield>
    <subfield code="b">PD</subfield>
    <subfield code="c">HD</subfield>
    <subfield code="d">2020-11-20</subfield>
    <subfield code="e">Donado por el Despacho BN</subfield>
    <subfield code="l">0</subfield>
    <subfield code="o">H557e</subfield>
    <subfield code="p">2021-28604</subfield>
    <subfield code="r">2021-12-27</subfield>
    <subfield code="w">2021-12-27</subfield>
    <subfield code="y">LFPD</subfield>
  </datafield>
  <datafield tag="952" ind1=" " ind2=" ">
    <subfield code="0">0</subfield>
    <subfield code="1">0</subfield>
    <subfield code="2">ddc</subfield>
    <subfield code="5">1</subfield>
    <subfield code="7">0</subfield>
    <subfield code="8">PD</subfield>
    <subfield code="a">BNPHU</subfield>
    <subfield code="b">PD</subfield>
    <subfield code="c">HD</subfield>
    <subfield code="d">2020-11-20</subfield>
    <subfield code="e">Donado por el Despacho BN</subfield>
    <subfield code="l">0</subfield>
    <subfield code="o">H557e</subfield>
    <subfield code="p">2021-28605</subfield>
    <subfield code="r">2021-12-27</subfield>
    <subfield code="t">e.2</subfield>
    <subfield code="w">2021-12-27</subfield>
    <subfield code="y">LFPD</subfield>
  </datafield>
  <datafield tag="952" ind1=" " ind2=" ">
    <subfield code="0">0</subfield>
    <subfield code="1">0</subfield>
    <subfield code="2">ddc</subfield>
    <subfield code="5">6</subfield>
    <subfield code="7">0</subfield>
    <subfield code="8">DS</subfield>
    <subfield code="a">BNPHU</subfield>
    <subfield code="b">BNPHU</subfield>
    <subfield code="c">CT</subfield>
    <subfield code="d">2022-08-26</subfield>
    <subfield code="e">Dep&#xF3;sito legal / Mediabyte</subfield>
    <subfield code="l">0</subfield>
    <subfield code="o">H557p</subfield>
    <subfield code="p">2022-4981</subfield>
    <subfield code="r">2022-11-04</subfield>
    <subfield code="t">e.3</subfield>
    <subfield code="w">2022-11-04</subfield>
    <subfield code="y">LBS1</subfield>
  </datafield>
  <datafield tag="952" ind1=" " ind2=" ">
    <subfield code="0">0</subfield>
    <subfield code="1">0</subfield>
    <subfield code="2">ddc</subfield>
    <subfield code="5">6</subfield>
    <subfield code="7">0</subfield>
    <subfield code="8">DS</subfield>
    <subfield code="a">BNPHU</subfield>
    <subfield code="b">BNPHU</subfield>
    <subfield code="c">CT</subfield>
    <subfield code="d">2022-08-26</subfield>
    <subfield code="e">Dep&#xF3;sito legal / Mediabyte</subfield>
    <subfield code="o">H557p</subfield>
    <subfield code="p">2022-4982</subfield>
    <subfield code="r">2022-11-04</subfield>
    <subfield code="t">e.4</subfield>
    <subfield code="w">2022-11-04</subfield>
    <subfield code="y">LBS1</subfield>
  </datafield>
  <datafield tag="952" ind1=" " ind2=" ">
    <subfield code="0">0</subfield>
    <subfield code="1">0</subfield>
    <subfield code="2">ddc</subfield>
    <subfield code="5">6</subfield>
    <subfield code="7">0</subfield>
    <subfield code="8">DS</subfield>
    <subfield code="a">BNPHU</subfield>
    <subfield code="b">BNPHU</subfield>
    <subfield code="c">CT</subfield>
    <subfield code="d">2022-08-26</subfield>
    <subfield code="e">Dep&#xF3;sito legal / Mediabyte</subfield>
    <subfield code="o">H557p</subfield>
    <subfield code="p">2022-4986</subfield>
    <subfield code="r">2022-11-04</subfield>
    <subfield code="t">e.5</subfield>
    <subfield code="w">2022-11-04</subfield>
    <subfield code="y">LBS1</subfield>
  </datafield>
  <datafield tag="999" ind1=" " ind2=" ">
    <subfield code="c">51130</subfield>
    <subfield code="d">51130</subfield>
  </datafield>
</record>
